[Event "SWE-ch U20"]
[Site "Ronneby"]
[Date "2018.07.06"]
[Round "7"]
[White "Forsberg, Andre"]
[Black "Sundin, Emanuel"]
[Result "0-1"]
[WhiteElo "2048"]
[BlackElo "2167"]
[PlyCount "110"]
[EventDate "2018.06.30"]
[EventType "tourn"]
[EventRounds "9"]
[EventCountry "SWE"]
[SourceTitle "CBM 185 Extra"]
[Source "ChessBase"]
[SourceDate "2018.07.29"]
[SourceVersion "1"]
[SourceVersionDate "2018.07.29"]
[SourceQuality "1"]
1. e4 c5 2. Nf3 Nc6 3. d4 cxd4 4. Nxd4 g6 5. Nc3 Bg7 6. Be3 Nf6 7. Nxc6 bxc6 8.
e5 Ng8 9. Bd4 Qa5 10. Bc4 Bxe5 11. O-O Nf6 12. Re1 d6 13. f4 Bxd4+ 14. Qxd4 Qb6
15. Rad1 d5 16. Bb3 Bg4 17. Ba4 Bd7 18. Kh1 Qxd4 19. Rxd4 e6 20. b4 O-O 21. Bb3
a5 22. a3 Rfb8 23. Na4 axb4 24. axb4 Bc8 25. Nc5 Nd7 26. Nxd7 Bxd7 27. g3 Ra7
28. g4 Rab7 29. f5 exf5 30. gxf5 Bxf5 31. c3 Be4+ 32. Rexe4 dxe4 33. Rxe4 c5
34. Bd5 Rd7 35. Bc6 Rd1+ 36. Kg2 cxb4 37. cxb4 Kg7 38. b5 Rb1 39. Re5 Rb6 40.
Rd5 Rc1 41. Be8 Rc8 42. Bc6 Rcxc6 43. bxc6 Rxc6 44. Rd7 g5 45. Kg3 Kg6 46. Kg2
f5 47. Rd8 f4 48. Rg8+ Kh5 49. Rg7 h6 50. Rd7 Rc2+ 51. Kg1 Kg4 52. Rd3 h5 53.
Rd5 Re2 54. Rc5 Kf3 55. h3 g4 0-1

[Event "SWE-chB"]
[Site "Ronneby"]
[Date "2018.07.06"]
[Round "7"]
[White "Logdahl, Harald"]
[Black "Lind, Jan Olov"]
[Result "1/2-1/2"]
[WhiteElo "2249"]
[BlackElo "2234"]
[PlyCount "104"]
[EventDate "2018.06.30"]
[EventType "tourn"]
[EventRounds "9"]
[EventCountry "SWE"]
[EventCategory "3"]
[SourceTitle "CBM 185 Extra"]
[Source "ChessBase"]
[SourceDate "2018.07.29"]
[SourceVersion "1"]
[SourceVersionDate "2018.07.29"]
[SourceQuality "1"]
1. e4 g6 2. d4 Bg7 3. Nc3 d6 4. Be3 a6 5. Qd2 b5 6. f3 Nf6 7. a4 b4 8. Nd1 a5
9. c3 bxc3 10. bxc3 Nbd7 11. Bh6 O-O 12. Bxg7 Kxg7 13. Bd3 e5 14. Ne2 Bb7 15.
O-O Re8 16. Nf2 Qb8 17. Kh1 Qa7 18. Bb5 c6 19. Bd3 Ba6 20. Bxa6 Qxa6 21. Ng3 h6
22. Ng4 Nxg4 23. fxg4 Qc4 24. g5 h5 25. h4 Rab8 26. Rf3 exd4 27. cxd4 c5 28.
Raf1 Re7 29. e5 dxe5 30. d5 Qxh4+ 31. Kg1 Rf8 32. d6 Re6 33. Qf2 Qd4 34. Ne4
Qxf2+ 35. R3xf2 f5 36. gxf6+ Nxf6 37. Rd1 Nd7 38. Rd5 Rxf2 39. Kxf2 Kf8 40.
Nxc5 Nxc5 41. Rxc5 Rxd6 42. Rxa5 Rd2+ 43. Kf1 Ra2 44. Rxe5 Rxa4 45. Re1 Ra2 46.
Kg1 Kg7 47. Rb1 Kh6 48. Rb3 h4 49. g3 h3 50. g4 h2+ 51. Kh1 Kg5 52. Rb2 Rxb2
1/2-1/2

[Event "SWE-ch U20"]
[Site "Ronneby"]
[Date "2018.07.06"]
[Round "7"]
[White "Kucuksari, Kaan"]
[Black "Berglind, Axel"]
[Result "1-0"]
[WhiteElo "2296"]
[BlackElo "2096"]
[PlyCount "89"]
[EventDate "2018.06.30"]
[EventType "tourn"]
[EventRounds "9"]
[EventCountry "SWE"]
[SourceTitle "CBM 185 Extra"]
[Source "ChessBase"]
[SourceDate "2018.07.29"]
[SourceVersion "1"]
[SourceVersionDate "2018.07.29"]
[SourceQuality "1"]
1. d4 d5 2. Nf3 Nf6 3. c4 e6 4. g3 c5 5. cxd5 exd5 6. Nc3 Nc6 7. Bg2 h6 8. O-O
Be7 9. Be3 cxd4 10. Nxd4 O-O 11. Rc1 Be6 12. Qa4 Qd7 13. Nxe6 fxe6 14. Bh3 a6
15. Bb6 Bd6 16. Rfd1 Qf7 17. e4 Nd7 18. Be3 d4 19. Bxd4 b5 20. Qc2 Nxd4 21.
Rxd4 Bc5 22. Rd2 Rac8 23. Rf1 Ne5 24. Kh1 Nf3 25. Rd3 Qh5 26. Bxe6+ Kh8 27. h3
Nd4 28. Rxd4 Bxd4 29. Bg4 Qf7 30. Bxc8 Qf3+ 31. Kh2 Rxc8 32. Qd1 Qf6 33. Nd5
Qe5 34. Nf4 Rc6 35. b3 g5 36. Ne2 Bb6 37. Qd3 Rd6 38. Qc2 Qc5 39. Qb2+ Kg8 40.
Ng1 Rd4 41. Rc1 Qd6 42. Rc8+ Kf7 43. Nf3 Rxe4 44. Qh8 Kg6 45. Qg8+ 1-0

[Event "SWE-ch U20"]
[Site "Ronneby"]
[Date "2018.07.06"]
[Round "7"]
[White "Storme, Isak"]
[Black "Pantzar, Milton"]
[Result "1/2-1/2"]
[WhiteElo "2277"]
[BlackElo "2333"]
[PlyCount "93"]
[EventDate "2018.06.30"]
[EventType "tourn"]
[EventRounds "9"]
[EventCountry "SWE"]
[SourceTitle "CBM 185 Extra"]
[Source "ChessBase"]
[SourceDate "2018.07.29"]
[SourceVersion "1"]
[SourceVersionDate "2018.07.29"]
[SourceQuality "1"]
1. e4 e6 2. d4 d5 3. Nc3 Bb4 4. e5 b6 5. Qg4 Bf8 6. Nf3 Qd7 7. Be2 Ne7 8. O-O
Ba6 9. a4 Bxe2 10. Nxe2 Nf5 11. a5 b5 12. Ng3 g6 13. Bg5 Bg7 14. Nxf5 exf5 15.
Qh4 h6 16. Bf6 O-O 17. Rfe1 Qe6 18. Bg5 h5 19. Bf6 Re8 20. Bxg7 Kxg7 21. Qf6+
Kg8 22. Ng5 Qxf6 23. exf6 Nd7 24. Re7 Rxe7 25. fxe7 Re8 26. Re1 Nb8 27. Nf3 Nc6
28. Re3 Rxe7 29. Rxe7 Nxe7 30. b4 f6 31. Ne1 Kf7 32. Nd3 Nc6 33. c3 Nd8 34. Nf4
c6 35. f3 Kg7 36. Kf2 Kh6 37. h4 g5 38. Nd3 Kg6 39. hxg5 fxg5 40. Ne5+ Kf6 41.
f4 gxf4 42. a6 Kg5 43. Kf3 h4 44. Kf2 Kf6 45. Kf3 Kg5 46. Kf2 Kf6 47. Kf3
1/2-1/2

[Event "SWE-ch U20"]
[Site "Ronneby"]
[Date "2018.07.05"]
[Round "6"]
[White "Crevatin, Leo"]
[Black "Storme, Isak"]
[Result "1/2-1/2"]
[WhiteElo "2224"]
[BlackElo "2277"]
[PlyCount "40"]
[EventDate "2018.06.30"]
[EventType "tourn"]
[EventRounds "9"]
[EventCountry "SWE"]
[SourceTitle "CBM 185 Extra"]
[Source "ChessBase"]
[SourceDate "2018.07.29"]
[SourceVersion "1"]
[SourceVersionDate "2018.07.29"]
[SourceQuality "1"]
1. d4 Nf6 2. c4 e6 3. Nf3 d5 4. g3 Be7 5. Bg2 O-O 6. Nbd2 c5 7. cxd5 exd5 8.
O-O Nc6 9. dxc5 Bxc5 10. Nb3 Bb6 11. Qd3 Re8 12. e3 Bg4 13. Nbd4 Rc8 14. Bd2
Ne4 15. Rac1 Bxd4 16. exd4 Nxd2 17. Qxd2 Qf6 18. Ne5 Nxe5 19. dxe5 Qxe5 20.
Rxc8 Bxc8 1/2-1/2

[Event "SWE-ch U20"]
[Site "Ronneby"]
[Date "2018.07.05"]
[Round "6"]
[White "Pantzar, Milton"]
[Black "Kucuksari, Kaan"]
[Result "0-1"]
[WhiteElo "2333"]
[BlackElo "2296"]
[PlyCount "80"]
[EventDate "2018.06.30"]
[EventType "tourn"]
[EventRounds "9"]
[EventCountry "SWE"]
[SourceTitle "CBM 185 Extra"]
[Source "ChessBase"]
[SourceDate "2018.07.29"]
[SourceVersion "1"]
[SourceVersionDate "2018.07.29"]
[SourceQuality "1"]
1. c4 f5 2. d4 Nf6 3. Nc3 g6 4. Nf3 Bg7 5. g3 O-O 6. Bg2 d6 7. O-O Qe8 8. b4 e5
9. dxe5 dxe5 10. Qb3 e4 11. Nd4 c6 12. Rd1 Be6 13. Nxe6 Qxe6 14. e3 Nbd7 15.
Bb2 Ne5 16. Bf1 Rfd8 17. c5 Qxb3 18. axb3 a6 19. Bc4+ Nxc4 20. bxc4 Ng4 21. Na4
Bxb2 22. Nxb2 Ne5 23. Rd6 Kf7 24. Rad1 Ke7 25. Kg2 b5 26. R1d4 Rxd6 27. cxd6+
Ke6 28. h3 Nxc4 29. Nxc4 bxc4 30. Rxc4 Kxd6 31. Rd4+ Kc7 32. f3 Rd8 33. Rc4
Rd2+ 34. Kf1 exf3 35. Rh4 h5 36. g4 hxg4 37. hxg4 g5 38. Rh7+ Kd6 39. gxf5 Ke5
40. Rf7 g4 0-1

[Event "SWE-chB"]
[Site "Ronneby"]
[Date "2018.07.05"]
[Round "6"]
[White "Lundin, Jan"]
[Black "Logdahl, Harald"]
[Result "0-1"]
[WhiteElo "2282"]
[BlackElo "2249"]
[PlyCount "98"]
[EventDate "2018.06.30"]
[EventType "tourn"]
[EventRounds "9"]
[EventCountry "SWE"]
[EventCategory "3"]
[SourceTitle "CBM 185 Extra"]
[Source "ChessBase"]
[SourceDate "2018.07.29"]
[SourceVersion "1"]
[SourceVersionDate "2018.07.29"]
[SourceQuality "1"]
1. f4 g6 2. Nf3 d5 3. g3 c6 4. c3 Bg7 5. Bg2 Qb6 6. d4 Bf5 7. Nbd2 Nf6 8. e3
Ne4 9. O-O Nd7 10. a4 Bg4 11. h3 Nxd2 12. Bxd2 Bxf3 13. Bxf3 f5 14. a5 Qc7 15.
a6 b5 16. b3 Nb6 17. Qe2 e6 18. Bc1 Bf8 19. g4 Bd6 20. Rf2 O-O 21. Rg2 Kh8 22.
Bb2 Rae8 23. g5 Kg8 24. Qf1 Rb8 25. Be2 c5 26. Bxb5 c4 27. b4 Kf7 28. Ba4 Nxa4
29. Rxa4 h6 30. gxh6 Rh8 31. Rg3 Rxh6 32. Ra5 Qd8 33. Qg2 Rb6 34. Bc1 Qc8 35.
Qa2 g5 36. fxg5 Rh5 37. g6+ Kg7 38. Rf3 Qe8 39. Kf1 Qxg6 40. Rc5 Rg5 41. Qf2
Bxc5 42. dxc5 Rxa6 43. Qd2 Ra1 44. Ke2 Rg2+ 45. Rf2 Rg1 46. Qd4+ Kf7 47. Qf4
Qh5+ 48. Rf3 Raxc1 49. Qc7+ Kg6 0-1

[Event "SWE-chB"]
[Site "Ronneby"]
[Date "2018.07.05"]
[Round "6"]
[White "Lind, Jan Olov"]
[Black "Malmstig, Erik"]
[Result "1/2-1/2"]
[WhiteElo "2234"]
[BlackElo "2336"]
[PlyCount "105"]
[EventDate "2018.06.30"]
[EventType "tourn"]
[EventRounds "9"]
[EventCountry "SWE"]
[EventCategory "3"]
[SourceTitle "CBM 185 Extra"]
[Source "ChessBase"]
[SourceDate "2018.07.29"]
[SourceVersion "1"]
[SourceVersionDate "2018.07.29"]
[SourceQuality "1"]
1. e4 e6 2. d4 d5 3. Nc3 dxe4 4. Nxe4 Bd7 5. Nf3 Bc6 6. Bd3 Nd7 7. O-O Bxe4 8.
Bxe4 c6 9. c4 Ngf6 10. Bc2 Be7 11. b3 O-O 12. Bb2 Qa5 13. a3 Rfd8 14. Qe2 Bf8
15. Rfe1 Rac8 16. Qe3 g6 17. Bc3 Qh5 18. h3 Bh6 19. Qe2 Bf4 20. Qf1 Qh6 21. g3
Bd6 22. Bd2 Qf8 23. Qe2 Nh5 24. Kg2 Re8 25. Bc3 Be7 26. Bd3 Bf6 27. Qb2 Qg7 28.
Ne5 Nxe5 29. dxe5 Be7 30. Be4 Red8 31. Red1 Qf8 32. b4 Ng7 33. h4 h5 34. Qc2
Kh7 35. Rxd8 Rxd8 36. Rd1 Kg8 37. Qe2 Qe8 38. Qf3 Rd7 39. a4 Qd8 40. Rxd7 Qxd7
41. a5 a6 42. Kf1 Nf5 43. Qd3 Qc8 44. Bd2 Qc7 45. f4 Kg7 46. Kg2 Kf8 47. b5 Bc5
48. bxa6 bxa6 49. Bc3 Ke8 50. Kh3 Ne7 51. g4 hxg4+ 52. Kxg4 Qb7 53. Qb1 1/2-1/2

[Event "SWE-ch U20"]
[Site "Ronneby"]
[Date "2018.07.05"]
[Round "6"]
[White "Sundin, Emanuel"]
[Black "Sorensen, Hampus"]
[Result "1/2-1/2"]
[WhiteElo "2167"]
[BlackElo "2154"]
[PlyCount "48"]
[EventDate "2018.06.30"]
[EventType "tourn"]
[EventRounds "9"]
[EventCountry "SWE"]
[SourceTitle "CBM 185 Extra"]
[Source "ChessBase"]
[SourceDate "2018.07.29"]
[SourceVersion "1"]
[SourceVersionDate "2018.07.29"]
[SourceQuality "1"]
1. d4 d5 2. c4 c6 3. cxd5 cxd5 4. Bg5 h6 5. Bh4 Nf6 6. Bxf6 gxf6 7. Nc3 e6 8.
e3 Nc6 9. Bd3 Bd6 10. Nf3 f5 11. O-O Bd7 12. a3 Rc8 13. Rc1 a6 14. b4 a5 15. b5
Ne7 16. Qb3 b6 17. Ne2 Ng6 18. Kh1 Rxc1 19. Rxc1 Qe7 20. a4 O-O 21. g3 Rc8 22.
Rxc8+ Bxc8 23. Nf4 Qc7 24. Be2 Kf8 1/2-1/2

[Event "SWE-ch"]
[Site "Ronneby"]
[Date "2018.07.05"]
[Round "6"]
[White "Westerberg, Jonathan"]
[Black "Hector, Jonny"]
[Result "1-0"]
[WhiteElo "2517"]
[BlackElo "2499"]
[PlyCount "117"]
[EventDate "2018.06.30"]
[EventType "tourn"]
[EventRounds "9"]
[EventCountry "SWE"]
[EventCategory "10"]
[SourceTitle "CBM 185 Extra"]
[Source "ChessBase"]
[SourceDate "2018.07.29"]
[SourceVersion "1"]
[SourceVersionDate "2018.07.29"]
[SourceQuality "1"]
1. e4 e5 2. Nf3 Nc6 3. Nc3 Nf6 4. d4 exd4 5. Nxd4 Bb4 6. Nxc6 bxc6 7. Bd3 d5 8.
exd5 O-O 9. O-O Bg4 10. Be2 Bxe2 11. Qxe2 cxd5 12. Qf3 Qd7 13. b3 Rfe8 14. Bb2
Bd6 15. h3 d4 16. Na4 c5 17. Rad1 Rad8 18. c3 d3 19. c4 Ne4 20. Nc3 Nxc3 21.
Bxc3 Bc7 22. Rd2 Qd6 23. g3 Re7 24. Rfd1 Red7 25. Re1 Qg6 26. Re4 f5 27. Re1 h5
28. Kh1 h4 29. gxh4 Qd6 30. Re5 Rf7 31. Rd1 d2 32. Rxd2 Qxd2 33. Bxd2 Bxe5 34.
Bg5 Rdd7 35. Qe2 Bc7 36. Kg2 f4 37. Kf3 Ba5 38. Qe8+ Kh7 39. Qe4+ Kg8 40. Qe8+
Kh7 41. Qe4+ Kg8 42. h5 Bc3 43. Qe8+ Kh7 44. Qe4+ Kg8 45. h6 gxh6 46. Bxh6 Bg7
47. Bxg7 Kxg7 48. Qe5+ Kh7 49. Qh5+ Kg7 50. Qxc5 Rd3+ 51. Kg4 f3 52. Kg3 Rd1
53. Kh2 Kg6 54. Qe3 a5 55. c5 Rd8 56. a3 Rf6 57. b4 axb4 58. axb4 Kf7 59. b5
1-0

[Event "SWE-ch U20"]
[Site "Ronneby"]
[Date "2018.07.05"]
[Round "6"]
[White "Berglind, Axel"]
[Black "Emmoth, Alfons"]
[Result "0-1"]
[WhiteElo "2096"]
[BlackElo "2176"]
[PlyCount "128"]
[EventDate "2018.06.30"]
[EventType "tourn"]
[EventRounds "9"]
[EventCountry "SWE"]
[SourceTitle "CBM 185 Extra"]
[Source "ChessBase"]
[SourceDate "2018.07.29"]
[SourceVersion "1"]
[SourceVersionDate "2018.07.29"]
[SourceQuality "1"]
1. d4 Nf6 2. Nf3 g6 3. g3 Bg7 4. Bg2 O-O 5. O-O d6 6. b3 e5 7. dxe5 Nfd7 8. Bb2
dxe5 9. Na3 e4 10. Bxg7 exf3 11. Bxf8 fxg2 12. Kxg2 Qxf8 13. Nb5 Qc5 14. c4 a6
15. Nc3 Nc6 16. Nd5 Ne7 17. Ne3 Nf6 18. Qc2 Bd7 19. Qb2 Ne4 20. b4 Qg5 21. Qd4
Bc6 22. f3 Qf6 23. Qxf6 Nxf6 24. a4 Re8 25. b5 Bd7 26. Nc2 Be6 27. Nd4 Nf5 28.
Nxf5 gxf5 29. Rfc1 Rd8 30. Rd1 Rxd1 31. Rxd1 Bxc4 32. bxa6 Bxa6 33. Kf2 c6 34.
h3 h5 35. Rd4 Kg7 36. Rf4 Kg6 37. e4 fxe4 38. fxe4 Nd7 39. g4 hxg4 40. Rxg4+
Kh5 41. Ke3 Ne5 42. Rg8 c5 43. Rd8 Kg6 44. Rd5 Nc4+ 45. Kf4 Nb2 46. a5 c4 47.
Rg5+ Kh6 48. Rg2 c3 49. Rc2 Na4 50. Ke3 Bc4 51. Rf2 Bb3 52. Rf6+ Kg7 53. a6
bxa6 54. Rxa6 Nb2 55. Ra1 Bd1 56. Ra6 Nc4+ 57. Kd3 c2 58. Ra1 Na5 59. Kc3 Kf6
60. Kb2 Nc4+ 61. Kc1 Ne5 62. Kd2 Nf3+ 63. Ke3 Ng1 64. h4 Ne2 0-1

[Event "SWE-chB"]
[Site "Ronneby"]
[Date "2018.07.05"]
[Round "6"]
[White "Lindh, Fredrik"]
[Black "Furhoff, Johan"]
[Result "1/2-1/2"]
[WhiteElo "2273"]
[BlackElo "2332"]
[PlyCount "84"]
[EventDate "2018.06.30"]
[EventType "tourn"]
[EventRounds "9"]
[EventCountry "SWE"]
[EventCategory "3"]
[SourceTitle "CBM 185 Extra"]
[Source "ChessBase"]
[SourceDate "2018.07.29"]
[SourceVersion "1"]
[SourceVersionDate "2018.07.29"]
[SourceQuality "1"]
1. e4 e5 2. Nf3 Nc6 3. Bb5 a6 4. Ba4 Nf6 5. O-O b5 6. Bb3 Bb7 7. d3 Be7 8. Nc3
O-O 9. Re1 d6 10. a3 Na5 11. Ba2 c5 12. Ne2 Nc6 13. Ng3 Nd4 14. Nxd4 cxd4 15.
Nf5 Rc8 16. Bg5 Kh8 17. Rc1 Ng8 18. Nxe7 Nxe7 19. c3 dxc3 20. bxc3 f6 21. Bd2
d5 22. exd5 Bxd5 23. Bxd5 Qxd5 24. c4 bxc4 25. Bb4 cxd3 26. Qd2 Ng6 27. Bxf8
Rxf8 28. Rcd1 Rd8 29. f3 Nf4 30. Re3 f5 31. g3 Ne2+ 32. Kf2 e4 33. Qxe2 dxe2
34. Rxd5 Rxd5 35. fxe4 Re5 36. Kxe2 fxe4 37. Rb3 Kg8 38. Ke3 Kf7 39. Rb4 Kf6
40. Rxe4 Kf5 41. g4+ Kf6 42. h4 Rb5 1/2-1/2

[Event "SWE-chB"]
[Site "Ronneby"]
[Date "2018.07.05"]
[Round "6"]
[White "Rydstrom, Tom"]
[Black "Landgren, Andreas"]
[Result "1/2-1/2"]
[WhiteElo "2314"]
[BlackElo "2278"]
[PlyCount "88"]
[EventDate "2018.06.30"]
[EventType "tourn"]
[EventRounds "9"]
[EventCountry "SWE"]
[EventCategory "3"]
[SourceTitle "CBM 185 Extra"]
[Source "ChessBase"]
[SourceDate "2018.07.29"]
[SourceVersion "1"]
[SourceVersionDate "2018.07.29"]
[SourceQuality "1"]
1. e4 e6 2. d4 d5 3. Nc3 dxe4 4. Nxe4 Nd7 5. Bd3 Ngf6 6. Qe2 c5 7. Nxf6+ Nxf6
8. dxc5 Bxc5 9. Nf3 O-O 10. Bg5 h6 11. Bd2 e5 12. O-O-O e4 13. Bxe4 Qe7 14.
Rhe1 Qe6 15. Kb1 Nxe4 16. Qxe4 Bxf2 17. Re2 Qxe4 18. Rxe4 Be6 19. Nd4 Bxd4 20.
Rxd4 Rfd8 21. Bc3 Rxd4 22. Rxd4 f6 23. a4 Kf7 24. b3 Rc8 25. Kb2 Ke8 26. Bb4
Bf5 27. c4 Rd8 28. Rxd8+ Kxd8 29. Bf8 g5 30. Bxh6 Ke7 31. Kc3 Kf7 32. b4 Be4
33. g3 a6 34. Kd4 Bg2 35. Kc5 Kg6 36. Bf8 Kh5 37. Kb6 Kg4 38. Bd6 Kh3 39. b5
axb5 40. cxb5 Kxh2 41. Kc5 Kh3 42. a5 Kg4 43. a6 bxa6 44. bxa6 f5 1/2-1/2

[Event "SWE-ch"]
[Site "Ronneby"]
[Date "2018.07.05"]
[Round "6"]
[White "Smith, Axel"]
[Black "Blomqvist, Erik"]
[Result "1/2-1/2"]
[WhiteElo "2491"]
[BlackElo "2505"]
[PlyCount "92"]
[EventDate "2018.06.30"]
[EventType "tourn"]
[EventRounds "9"]
[EventCountry "SWE"]
[EventCategory "10"]
[SourceTitle "CBM 185 Extra"]
[Source "ChessBase"]
[SourceDate "2018.07.29"]
[SourceVersion "1"]
[SourceVersionDate "2018.07.29"]
[SourceQuality "1"]
1. d4 d5 2. c4 e6 3. Nc3 Bb4 4. a3 Bxc3+ 5. bxc3 Nf6 6. e3 c6 7. Nf3 O-O 8. Bd3
b6 9. cxd5 cxd5 10. Qe2 Bb7 11. Bb2 Qc8 12. Rc1 Ba6 13. c4 Bxc4 14. Bxc4 dxc4
15. Rxc4 Qb7 16. O-O Nbd7 17. Rfc1 Rfc8 18. a4 a6 19. Ne1 h6 20. h3 Rxc4 21.
Qxc4 b5 22. axb5 axb5 23. Qc2 Nb6 24. Nd3 Nc4 25. Nc5 Qc6 26. Qb3 Nd7 27. Nxd7
Qxd7 28. e4 f5 29. exf5 exf5 30. Re1 Re8 31. Rxe8+ Qxe8 32. Bc3 Qd7 33. Qd1 Nb6
34. g4 Nd5 35. Bd2 f4 36. Qc1 g5 37. Qc5 Kf7 38. Bb4 Ke6 39. Ba3 f3 40. Qc2 b4
41. Qg6+ Ke7 42. Qg7+ Ke8 43. Qh8+ Ke7 44. Qg7+ Ke8 45. Qg8+ Ke7 46. Qg7+ Ke8
1/2-1/2

[Event "SWE-ch U20"]
[Site "Ronneby"]
[Date "2018.07.05"]
[Round "6"]
[White "Carlsson, Ludvig"]
[Black "Forsberg, Andre"]
[Result "1-0"]
[WhiteElo "2179"]
[BlackElo "2048"]
[PlyCount "63"]
[EventDate "2018.06.30"]
[EventType "tourn"]
[EventRounds "9"]
[EventCountry "SWE"]
[SourceTitle "CBM 185 Extra"]
[Source "ChessBase"]
[SourceDate "2018.07.29"]
[SourceVersion "1"]
[SourceVersionDate "2018.07.29"]
[SourceQuality "1"]
1. d4 Nf6 2. c4 e6 3. Nf3 b6 4. g3 Ba6 5. Qc2 c5 6. d5 exd5 7. cxd5 Bd6 8. Bg2
O-O 9. O-O Re8 10. Re1 Bf8 11. Nc3 d6 12. a3 Nbd7 13. b4 g6 14. e4 Bg7 15. b5
Bb7 16. Bb2 Ng4 17. h3 Nh6 18. g4 Ne5 19. Nd2 Qh4 20. Nd1 f5 21. exf5 gxf5 22.
Bxe5 Bxe5 23. Nf3 Qf6 24. g5 Bh2+ 25. Kxh2 Qxa1 26. Rxe8+ Rxe8 27. gxh6 Qf6 28.
Ne3 Qxh6 29. Qxf5 Re7 30. Ng4 Qg7 31. Ng5 h5 32. Ne6 1-0

[Event "SWE-chB"]
[Site "Ronneby"]
[Date "2018.07.05"]
[Round "6"]
[White "Wiedenkeller, Michael"]
[Black "Ziegler, Ari"]
[Result "1-0"]
[WhiteElo "2468"]
[BlackElo "2305"]
[PlyCount "99"]
[EventDate "2018.06.30"]
[EventType "tourn"]
[EventRounds "9"]
[EventCountry "SWE"]
[EventCategory "3"]
[SourceTitle "CBM 185 Extra"]
[Source "ChessBase"]
[SourceDate "2018.07.29"]
[SourceVersion "1"]
[SourceVersionDate "2018.07.29"]
[SourceQuality "1"]
1. d4 Nf6 2. c4 e6 3. Nc3 Bb4 4. e3 O-O 5. Nge2 Re8 6. a3 Bf8 7. Ng3 d5 8. Be2
b6 9. O-O Bb7 10. b4 g6 11. Bb2 h5 12. Bf3 c6 13. Qb3 h4 14. Nge2 a5 15. e4
Nbd7 16. e5 dxc4 17. Qxc4 Nd5 18. Nxd5 exd5 19. Qb3 Ba6 20. Rfc1 a4 21. Qd1 Bb5
22. Nc3 Bc4 23. b5 Bb3 24. Qe2 Bh6 25. bxc6 Nf8 26. c7 Qd7 27. Qb5 Qxb5 28.
Nxb5 Bxc1 29. Rxc1 Ne6 30. Bg4 Bc4 31. Rxc4 dxc4 32. d5 Ra5 33. Bxe6 Rxb5 34.
d6 Rxb2 35. Kf1 Rb1+ 36. Ke2 Rxe6 37. c8=Q+ Kg7 38. f4 Rb2+ 39. Kd1 Rb3 40. Kc2
h3 41. gxh3 Rxh3 42. d7 Rxh2+ 43. Kc3 Rh3+ 44. Kxc4 Rh1 45. d8=Q Rc1+ 46. Kb5
Rxc8 47. Qxc8 g5 48. Qc1 gxf4 49. Qxf4 Rg6 50. Kxa4 1-0

[Event "SWE-ch"]
[Site "Ronneby"]
[Date "2018.07.04"]
[Round "5"]
[White "Grandelius, Nils"]
[Black "Smith, Axel"]
[Result "1/2-1/2"]
[WhiteElo "2668"]
[BlackElo "2491"]
[PlyCount "83"]
[EventDate "2018.06.30"]
[EventType "tourn"]
[EventRounds "9"]
[EventCountry "SWE"]
[EventCategory "10"]
[SourceTitle "CBM 185 Extra"]
[Source "ChessBase"]
[SourceDate "2018.07.29"]
[SourceVersion "1"]
[SourceVersionDate "2018.07.29"]
[SourceQuality "1"]
1. e4 e5 2. Nf3 Nf6 3. d4 Nxe4 4. Bd3 d5 5. Nxe5 Nd7 6. O-O Nxe5 7. dxe5 Nc5 8.
Be3 Be7 9. f4 Nxd3 10. Qxd3 g6 11. Nc3 c6 12. Ne2 Bf5 13. Qb3 Qd7 14. Ng3 b6
15. Rad1 Qe6 16. Ne2 c5 17. Rxd5 Bxc2 18. Qb5+ Kf8 19. Nc3 Kg7 20. Rd2 Bf5 21.
h3 h5 22. Nd5 Rad8 23. Rfd1 Be4 24. Nxe7 Qxe7 25. Rd7 Rxd7 26. Qxd7 Re8 27. Bf2
Bf5 28. Qd2 Rc8 29. Kh2 Rc7 30. Qc3 Kg8 31. Rd6 Rd7 32. Qd2 Rxd6 33. exd6 Qf6
34. b4 cxb4 35. Qxb4 Bd7 36. Be1 g5 37. fxg5 Qxg5 38. Qe4 Qg6 39. Qe7 Qf5 40.
Bh4 Kh7 41. Bg3 b5 42. a3 1/2-1/2

[Event "SWE-ch U20"]
[Site "Ronneby"]
[Date "2018.07.03"]
[Round "4"]
[White "Pantzar, Milton"]
[Black "Emmoth, Alfons"]
[Result "1-0"]
[WhiteElo "2333"]
[BlackElo "2176"]
[PlyCount "49"]
[EventDate "2018.06.30"]
[EventType "tourn"]
[EventRounds "9"]
[EventCountry "SWE"]
[SourceTitle "CBM 185 Extra"]
[Source "ChessBase"]
[SourceDate "2018.07.29"]
[SourceVersion "1"]
[SourceVersionDate "2018.07.29"]
[SourceQuality "1"]
1. c4 Nf6 2. Nc3 g6 3. d4 Bg7 4. e4 d6 5. h3 O-O 6. Be3 e5 7. d5 c5 8. g4 Ne8
9. Nge2 f5 10. gxf5 gxf5 11. exf5 Bxf5 12. Ng3 Qd7 13. Nxf5 Qxf5 14. Rg1 Na6
15. Bd3 Qxh3 16. a3 Nac7 17. Qc2 Nf6 18. O-O-O Qd7 19. Rh1 Rf7 20. Bf5 Qe7 21.
Rdg1 Kf8 22. Bxh7 Nxh7 23. Rxh7 Bf6 24. Qg6 Ke8 25. Ne4 1-0

[Event "SWE-ch"]
[Site "Ronneby"]
[Date "2018.07.03"]
[Round "4"]
[White "Blomqvist, Erik"]
[Black "Cramling, Pia"]
[Result "1/2-1/2"]
[WhiteElo "2505"]
[BlackElo "2452"]
[PlyCount "169"]
[EventDate "2018.06.30"]
[EventType "tourn"]
[EventRounds "9"]
[EventCountry "SWE"]
[EventCategory "10"]
[SourceTitle "CBM 185 Extra"]
[Source "ChessBase"]
[SourceDate "2018.07.29"]
[SourceVersion "1"]
[SourceVersionDate "2018.07.29"]
[SourceQuality "1"]
1. e4 c5 2. Nf3 Nc6 3. Bb5 g6 4. Bxc6 bxc6 5. O-O Bg7 6. Re1 Nh6 7. c3 O-O 8.
d4 d5 9. e5 cxd4 10. cxd4 f6 11. h3 Rb8 12. Nbd2 Nf7 13. exf6 exf6 14. Nb3 Nd6
15. Bf4 Rb6 16. Rc1 Ne4 17. Nfd2 g5 18. Bh2 Bf5 19. f3 Nd6 20. Na5 Qd7 21. Ndb3
Nc4 22. Nxc4 dxc4 23. Rxc4 Qf7 24. Qe2 Rd8 25. Kh1 Bf8 26. Rec1 Re8 27. Qd2 Qd7
28. Nc5 Bxc5 29. Rxc5 Be6 30. Re1 Bd5 31. b3 Rb7 32. Rc3 Qd8 33. Rce3 Rbe7 34.
Bg3 Rxe3 35. Rxe3 Rxe3 36. Qxe3 Qd7 37. Kg1 Be6 38. Qc3 Qd5 39. Kh2 Kf7 40. Qb4
Qb5 41. Qa3 a6 42. Qd6 Qb7 43. Qd8 Kg6 44. h4 h6 45. Qe8+ Bf7 46. Qf8 Bd5 47.
Kg1 Qa7 48. Qb4 a5 49. Qa4 Qb6 50. Be1 gxh4 51. Bxh4 Qb5 52. Qa3 Qd3 53. Qb2
Kf7 54. Bf2 Qg6 55. Qe2 a4 56. bxa4 Qb1+ 57. Kh2 Qxa2 58. Qxa2 Bxa2 59. a5 Bc4
60. Kg3 h5 61. Kf4 Ke6 62. Bh4 Bf1 63. Ke3 Kf7 64. Kf2 Ba6 65. Bg3 Ke6 66. Bc7
Kd7 67. Bb6 Bc4 68. Bc5 Bb5 69. Bb4 Bc4 70. Bc3 f5 71. Bd2 Bb5 72. Bg5 Bc4 73.
Ke3 Bf1 74. Bf4 Kc8 75. Kf2 Bc4 76. Kg3 Bf1 77. Be5 Kb7 78. Bd6 Ka6 79. Bc7 Kb7
80. Bd8 Ka6 81. Kf2 Bc4 82. Ke3 Bf1 83. g3 Kb7 84. Kf4 Be2 85. Kxf5 1/2-1/2

[Event "SWE-chB"]
[Site "Ronneby"]
[Date "2018.07.02"]
[Round "3"]
[White "Wiedenkeller, Michael"]
[Black "Lundin, Jan"]
[Result "1-0"]
[WhiteElo "2468"]
[BlackElo "2282"]
[PlyCount "39"]
[EventDate "2018.06.30"]
[EventType "tourn"]
[EventRounds "9"]
[EventCountry "SWE"]
[EventCategory "3"]
[SourceTitle "CBM 185 Extra"]
[Source "ChessBase"]
[SourceDate "2018.07.29"]
[SourceVersion "1"]
[SourceVersionDate "2018.07.29"]
[SourceQuality "1"]
1. c4 e6 2. g3 d5 3. d4 c5 4. cxd5 exd5 5. Nf3 Nc6 6. Nc3 Nf6 7. Bg2 Be7 8. O-O
O-O 9. Bg5 cxd4 10. Nxd4 h6 11. Be3 Re8 12. Rc1 Bg4 13. h3 Bh5 14. Nf5 Bb4 15.
Nxd5 Bxe2 16. Qxe2 Nxd5 17. Rfd1 Re5 18. Qf3 Qf6 19. Rxd5 Rxd5 20. Nxh6+ 1-0